00789nas a2200229Ia 4500001001100000003000900011008004100020040001300061040001300074041001300087100004600100210001100146222001100157245005700168250001100225260002800236501008600264300000900350362003500359500012600394650003900520R702/49172IT-RoPAU151124c99999999xx |||||||||||| ||und|| aIT-RoPAU cIT-RoPAU aFRANCESE aAstalos GeorgesgCodice Aut. SPICS: 18691 aDEGRES aDegres aDEGRES, N.004 (OTTOBRE 1973)bTheatre Floral Spatial a1a ed. aBRUXELLESbDEGRESc1973 bPaulus - SPICS - Società San Paolo EM (non-commercial uses only)cCopyright2015 a8 p. aANNO 001, N.004 (OTTOBRE 1973) aTeatro Spaziale. Arte Teatrale e Globalità Referente. Pluridimensionalità O Polverizzazione dell'Azione Nello Spazio. aSEMIOTICAvPUBBLICAZIONE PERIODICA